| 000 | 00572nam a2200217Ia 4500 | ||
|---|---|---|---|
| 005 | 20250326144417.0 | ||
| 008 | 250326s9999 xx 000 0 und d | ||
| 020 | _a978-81-7829-851-1 | ||
| 037 | _aTextbook | ||
| 040 |
_aFMSL _beng _cFMSL |
||
| 041 |
_aeng _2eng |
||
| 084 |
_aS.44 P8 _qFMSL |
||
| 100 | _aBasu S | ||
| 245 | 0 |
_aGender stereotypes in corporate India _cBasu S |
|
| 260 |
_aNew Delhi _bNew Delhi, Response _c2008 |
||
| 300 | _a219p | ||
| 365 | _b270 | ||
| 650 |
_aCorporate _9468884 |
||
| 942 |
_cTB _hS.44 P8 |
||
| 999 |
_c1303603 _d1303603 |
||